000 00430nam a22001697a 4500
003 OSt
005 20260501104126.0
008 260501b |||||||| |||| 00| 0 eng d
020 _a9780143454557
082 _a954.54 CAI
100 _aCARDOZO,Ian
245 _a1971 Stories of Grit and Glory from the Indo-Pak War
250 _a1st Ed
260 _aGurugram
_bPenguin Random House
_c2021
300 _a347p.
942 _2ddc
_cREF
999 _c13939
_d13939